differente marque PL - Statistiques

Statistiques générales
  • Ce quiz a été pris 8 fois
  • Le résultat moyen est 7 sur 15
Statistiques - réponses
marque année % Correct
DAF 1928
100%
mercedes 1886
83%
renault 1894
83%
scania 1891
83%
man 1898
67%
volvo 1928
67%
iveco 1975
50%
kenworth 1923
33%
mack 1900
33%
peterbilt 1938
33%
Western Star 1967
33%
berliet 1899
0%
Freightliner LLC 1900
0%
magirus deutz 1949
0%
unic 1905
0%
Aucun quiz correspondant
Distribution des résultats
% des personnes avec chaque résultat
Percentile par nombre de réponses
Votre historique - résultats
Vous n’avez pas pris ce quiz